Statistics for Michael Jordan Trivia

Click here to take the quiz!

General Stats

  • This quiz has been taken 27 times
  • The average score is 10 of 20

Answer Stats

HintAnswer% Correct
How Many Championships6
100%
Most Assisted TeammateScottie Pippen
82%
How Many 3 Peats Did He Complete2
73%
What Other Sport Does
He Plays Besides Basketball?
Baseball
68%
Crazy Teammate He Played WithDennis Rodman
68%
How Old Is He61
64%
What Is The Name Of His Shoe BrandAir Jordan
64%
What Franchises Did He Play ForBulls and Wizards
64%
Olympic Team He Played For (Nickname)Dream Team
64%
Besides That?Golf
64%
When Did He Retire2003
59%
Bulls CoachPhil Jackson
50%
Movie About the 1990s BullsThe Last Dance
45%
What Number Did Jordan Wear
When His Jersey Was Stolen
12
36%
Michael Jordan Middle NameJeffrey
32%
What Was The Name Of The
Documentary Made About Him
AIR
23%
College GPA4.5
18%
Where Did He Go To CollegeNC
18%
Michael Jordan Networth3 Billion
9%
Favorite NBA Player Growing UpWalter Davis
5%

Score Distribution

Percentile by Number Answered

Percent of People with Each Score

Your Score History

You have not taken this quiz